000 00752nam a2200229Ia 4500
003 GCL
008 140319s9999 xx 000 0 ara d
020 _a7046086977
040 _aGCL /
_cGCL
082 0 4 _a551
_bا م
100 1 _aاحمد ابراهيم عطية
245 1 0 _aمبادئ الجيولوجيا للاثاريين /
_cاحمد ابراهيم عطية
250 _aالاولى
260 _aالقاهرة :
_bالدار العالمية للنشر والتوزيع ،
_c2004
300 _a216 ص ؛
_c24 سم
650 0 4 _aالجيولوجيا
650 0 4 _aالصخور الرسوبية
650 0 4 _aالصخورالنارية
650 0 4 _aالصخور، علم
650 0 4 _aالصخور- تحليل
942 _2ddc
_cBK
999 _c5990
_d5990